Single stage preparatory process using non-carcinogenic solvents (Record no. 86458)

MARC details
000 -LEADER
fixed length control field 00340nam a2200133Ia 4500
008 - FIXED-LENGTH DATA ELEMENTS--GENERAL INFORMATION
fixed length control field 230917s9999||||xx |||||||||||||| ||und||
040 ## - CATALOGING SOURCE
-- 93198
Original cataloging agency VIVEKANANDA LIBRARY
041 ## - Language
-- English
082 ## - DDC NUMBER
Classification number 677 N153S
100 ## - MAIN ENTRY--PERSONAL NAME
Personal name Nanda, Biswajit
245 #0 - TITLE STATEMENT
Title Single stage preparatory process using non-carcinogenic solvents
300 ## - PHYSICAL DESCRIPTION
Pages 48 p.
942 ## - ADDED ENTRY ELEMENTS (KOHA)
Koha item type Thesis
Holdings
Withdrawn status Lost status Damaged status Not for loan Location (home branch) Sublocation or collection (holding branch) Shelving location Date acquired Koha issues (times borrowed) Koha full call number Accession No. Koha date last seen Koha item type
        VIVEKANANDA LIBRARY VIVEKANANDA LIBRARY Reference 19/06/2003   677 N153S 165468 17/09/2023 Thesis
© Designed and Maintained by Vivekananda Library, MDU Rohtak